Efektivita produktového managementu
Úloha produktového manažéra v organizácii. Pridaná hodnota procesu manažmentu produktu a jej meranie. Kompetenčný profil produktového manažéra. Faktory ovplyvňujúce rolu produktového manažéra. Firemná stratégia a efektivita produktového manažmentu.
Gespeichert in:
| 1. Verfasser: | |
|---|---|
| Format: | Buchkapitel |
| Sprache: | Tschechisch |
| Schlagworte: | |
| Tags: |
Keine Tags, Fügen Sie das erste Tag hinzu!
|
MARC
| LEADER | 00000naa a2200000 4500 | ||
|---|---|---|---|
| 001 | 0148741 | ||
| 005 | 20231211073321.9 | ||
| 041 | 0 | |a cze | |
| 044 | |a CZ | ||
| 245 | 1 | 0 | |a Efektivita produktového managementu |c Zuzana Wroblowská |
| 520 | |a Úloha produktového manažéra v organizácii. Pridaná hodnota procesu manažmentu produktu a jej meranie. Kompetenčný profil produktového manažéra. Faktory ovplyvňujúce rolu produktového manažéra. Firemná stratégia a efektivita produktového manažmentu. | ||
| 610 | 2 | 0 | |a manažment produktový |
| 610 | 2 | 0 | |a manažéri |
| 610 | 2 | 0 | |a produkty |
| 610 | 2 | 0 | |a kompetencie |
| 610 | 2 | 0 | |a schopnosti pracovné |
| 610 | 2 | 0 | |a zručnosti |
| 610 | 2 | 0 | |a efektívnosť |
| 100 | 1 | |a Wroblowská, Zuzana | |